THEORIES OF COUNSELING & PSYCHOTHERAPY (Record no. 10570)

MARC details
000 -LEADER
fixed length control field 00353nam a22001577a 4500
003 - CONTROL NUMBER IDENTIFIER
control field SGT
020 ## - INTERNATIONAL STANDARD BOOK NUMBER
International Standard Book Number 978-93-325-5789-5
082 ## - DEWEY DECIMAL CLASSIFICATION NUMBER
Classification number 151
Item number T16S
100 ## - MAIN ENTRY--PERSONAL NAME
Personal name SELIGMAN, LINDA
245 ## - TITLE STATEMENT
Title THEORIES OF COUNSELING & PSYCHOTHERAPY
250 ## - EDITION STATEMENT
Edition statement 4TH
260 ## - PUBLICATION, DISTRIBUTION, ETC. (IMPRINT)
Place of publication, distribution, etc INDIA
Name of publisher, distributor, etc PERSON
Year of Publication 2016
300 ## - PAGE DESCRIPTION
No. of Pages 539
650 ## - SUBJECT ADDED ENTRY--TOPICAL TERM
Topical term or geographic name as entry element PSYCHOLOGY
942 ## - ADDED ENTRY ELEMENTS (KOHA)
Source of classification or shelving scheme Dewey Decimal Classification
Koha item type Books
942 ## - ADDED ENTRY ELEMENTS (KOHA)
-- 15
Holdings
Withdrawn status Lost status Source of classification or shelving scheme Damaged status Not for loan Collection code Home library Current library Shelving location Date acquired Vendor Name Cost, normal purchase price SGTU Bill Number Total Checkouts Total Renewals Full call number Accession No. (Barcode) Date last seen Date last borrowed Bill Date Koha item type
    Dewey Decimal Classification     MEDICAL SGT Medical Library SGT Medical Library Text Book 21/01/2017 ABC 579.00 SGTU 6440 16 1 151 T16S FM7941 05/08/2023 24/07/2023 04/01/2016 Books
    Dewey Decimal Classification     MEDICAL SGT Medical Library SGT Medical Library Text Book 21/01/2017 ABC 579.00 SGTU 6440     151 T16S FM7942 21/01/2017   04/01/2016 Books
    Dewey Decimal Classification     MEDICAL SGT Medical Library SGT Medical Library Text Book 21/01/2017 ABC 579.00 SGTU 6440 13   151 T16S FM7943 08/06/2022 23/05/2022 04/01/2016 Books
    Dewey Decimal Classification     MEDICAL SGT Medical Library SGT Medical Library Text Book 21/01/2017 ABC 579.00 SGTU 6440 12   151 T16S FM7944 26/07/2022 08/07/2022 04/01/2016 Books
    Dewey Decimal Classification     MEDICAL SGT Medical Library SGT Medical Library Text Book 21/01/2017 ABC 579.00 SGTU 6440 6 1 151 T16S FM7945 07/02/2022 31/12/2021 04/01/2016 Books